000 00634nam a22002057a 4500
003 OSt
005 20160531152129.0
008 131002t xxu||||| |||| 00| 0 eng d
020 _a971922214x
050 _aHD 31
_b.M777 2003
082 _aGLT 371.2
_bM76 2003
100 _aMontenegro, Ruel A.
_921522
245 _aThe management function of organizing applied to the school setting /
260 _aLas Pinas City, Philippines :
_bSISC Systems Publication,
_c2003
300 _a148 p. :
_bill. ;
_c27 cm.
651 _aSchool management and organization
_922703
651 _aTitle
_922704
942 _2lcc
_cBK
999 _c12616
_d12616